000
00305nam a22001337a 4500
008
170605b xxu||||| |||| 00| 0 eng d
020
_a
9780789446404
041
_a
eng
080
_a
94
100
_a
18
101
_a
SHH
245
_a
MILLENIUM CENTURY DAY BY DAY
_c
SCHLESNGER.A.M
942
_2
udc
_c
BK
999
_c
15949
_d
15949